LEADER 04281nam 2200589Ia 450 001 9910779396403321 005 20230330180330.0 010 $a90-6299-784-8 035 $a(CKB)2550000000109696 035 $a(EBL)1043381 035 $a(OCoLC)815671995 035 $a(SSID)ssj0000733693 035 $a(PQKBManifestationID)11422652 035 $a(PQKBTitleCode)TC0000733693 035 $a(PQKBWorkID)10715504 035 $a(PQKB)10582963 035 $a(MiAaPQ)EBC1043381 035 $a(Au-PeEL)EBL1043381 035 $a(CaPaEBR)ebr10579775 035 $a(EXLCZ)992550000000109696 100 $a20010424d1998 uy 0 101 0 $aeng 135 $aur|n|---||||| 181 $ctxt$2rdacontent 182 $cc$2rdamedia 183 $acr$2rdacarrier 200 10$aCornea and refractive surgery $eproceedings of the 46th Annual Symposium of the New Orleans Academy of Ophthalmology, New Orleans, LA, USA, February 21-23, 1997 /$feditor, Daniel A. Long 210 1$aThe Hague ;$aNew York :$cKugler Publications,$d1998. 210 4$aŠ1998 215 $a1 online resource (319 pages) $cillustrations (some color), portraits 300 $aDescription based upon print version of record. 311 0 $a90-6299-140-8 320 $aIncludes bibliographical references and index. 327 $aPREFACE; SPEAKERS; CORNEA; Corneal innervation and provision of anesthesia for ocular surgeries; Corneal healing problems; Phototherapeutic keratectomy update; Management of bacterial keratitis; Wound healing in the cornea: the dawn of a new era?; Questions and Answers; Recent advances in corneal transplantation; Effect of suture techniques on corneal transplant astigmatism andrefractive errors; Panel discussion; Panel discussionManagement of postoperative keratoplasty problems; Questions and Answers; Dry eye; Harbingers of death: peripheral corneal inflammatory disorders 327 $aPanel discussion; Pterygium - management of mild, moderate, and severe ones; Panel discussion; Corneal spots - cases, work-up, management; Questions and Answers; REFRACTIVE SURGERY; Current status of excimer laser photorefractive surgery for myopia; Radial keratotomy - best techniques today; Panel discussion; Radial keratotomy and astigmatic keratotomy - what if things gowrong?; A comparison of current instrumentation for lamellar refractive surgery; Panel discussion; How good is ALK? Should it be done?; Laser in situ keratomileusis 327 $aAstigmatism surgery; Non-incisional techniques and asymmetric astigmatism; Astigmatism surgery - incisional procedures; Questions and Answers; Photorefractive keratectomy for hyperopia and astigmatism; Clear lensectomy and intraocular lens implantation in high hyperopia; Panel discussion; Management of overcorrections; A new optical effect of arcuate keratotomy - treatment of small ordecentered excimer laser ablation zones; Refractive surgical correction using ICR technology; Panel discussion; Decisions in RK, ALK, PRK, LASIK - which procedure for which patients? 327 $aIntraocular lens implants for presbyopia; Advances in computerized corneal topographic analysis?; Where's the beef?; Cataract surgery incisions and their refractive implications; Index of authors 330 $aFrom Friday morning, February 21, 1997, through Sunday, February 23, at noon, members and guests of the New Orleans Academy of Ophthalmology heard presentations and discussions of the latest techniques and trends in the study of corneal diseases and surgery, including refractive surgery. This was the subject of the. Forty- Sixth Annual Symposium of the Academy. The speakers comprised a group of eight clinician-surgeons with a wealth of experience and a well-respected talent for innovation in their areas of expertise. 606 $aCornea$xSurgery$vCongresses 606 $aEye$xRefractive errors$xSurgery$vCongresses 615 0$aCornea$xSurgery 615 0$aEye$xRefractive errors$xSurgery 676 $a617.7/55 701 $aLong$b Daniel A$01470151 712 02$aNew Orleans Academy of Ophthalmology. 801 0$bMiAaPQ 801 1$bMiAaPQ 801 2$bMiAaPQ 906 $aBOOK 912 $a9910779396403321 996 $aCornea and refractive surgery$93681823 997 $aUNINA